000
00282nam a22001337a 4500
008
180215b xxu||||| |||| 00| 0 eng d
020
_a
0929533008
041
_a
eng
080
_a
62
100
_a
27
101
_a
IM
245
_a
ASAE STANDARDS 1989
_c
Hahn,R.H
942
_2
udc
_c
BK
999
_c
42544
_d
42544